<?xml version="1.0" encoding="UTF-8"?>
<record
    xmlns:xsi="http://www.w3.org/2001/XMLSchema-instance"
    xsi:schemaLocation="http://www.loc.gov/MARC21/slim http://www.loc.gov/standards/marcxml/schema/MARC21slim.xsd"
    xmlns="http://www.loc.gov/MARC21/slim">

  <leader>02447nam a2200229Ia 4500</leader>
  <controlfield tag="008">120625s2002    mx            001 0 spa d</controlfield>
  <datafield tag="020" ind1=" " ind2=" ">
    <subfield code="a">9706861939</subfield>
  </datafield>
  <datafield tag="050" ind1=" " ind2="4">
    <subfield code="a">HG173</subfield>
    <subfield code="b"> P47 2002</subfield>
  </datafield>
  <datafield tag="100" ind1=" " ind2=" ">
    <subfield code="a">Perdomo Moreno, Abraham.</subfield>
    <subfield code="e">autor</subfield>
  </datafield>
  <datafield tag="245" ind1="1" ind2="0">
    <subfield code="a">Planeaci&#xF3;n financiera  </subfield>
    <subfield code="b">: para &#xE9;pocas normal y de inflaci&#xF3;n</subfield>
    <subfield code="c">/ Abrah&#xE1;m Perdomo Moreno</subfield>
  </datafield>
  <datafield tag="250" ind1=" " ind2=" ">
    <subfield code="a">6a. edici&#xF3;n</subfield>
  </datafield>
  <datafield tag="260" ind1="3" ind2=" ">
    <subfield code="a">M&#xE9;xico </subfield>
    <subfield code="b">: International Thomson</subfield>
    <subfield code="c">, 2002</subfield>
  </datafield>
  <datafield tag="300" ind1=" " ind2=" ">
    <subfield code="a">363 p&#xE1;ginas</subfield>
  </datafield>
  <datafield tag="336" ind1=" " ind2=" ">
    <subfield code="a">Texto</subfield>
  </datafield>
  <datafield tag="337" ind1=" " ind2=" ">
    <subfield code="a">Sin medio</subfield>
  </datafield>
  <datafield tag="338" ind1=" " ind2=" ">
    <subfield code="a">Volumen</subfield>
  </datafield>
  <datafield tag="500" ind1=" " ind2=" ">
    <subfield code="a">Incluye &#xED;ndice alfab&#xE9;tico ( pp. 357-363)</subfield>
  </datafield>
  <datafield tag="505" ind1="1" ind2=" ">
    <subfield code="a">Administraci&#xF3;n financiera
Planeaci&#xF3;n financiera
M&#xE9;todos de planeaci&#xF3;n financiera
punto de equilibrio global
Punto de equilibrio en unidades de producci&#xF3;n
Palanca y riesgo de operaci&#xF3;n
Palanca y riesgo financiero
Pron&#xF3;sticos financieros
Presupuestos financieros
Arboles de decisi&#xF3;n
Proyectos de inversi&#xF3;n
Arrendamiento financiero
Balance general pro-forma
Balance doble pro-forma
Estado de resultados absorbente pro-forma
Estado de resultados marginal pro-forma
Estado del costo absorbente de producci&#xF3;n  pro-forma
Estado del costo marginal de producci&#xF3;n proforma
Estado del costo absorbente de ventas netas pro-forma
Estado del costo absorbente de producci&#xF3;n y de ventas pro-forma
Estado del movimiento del superavit pro-forma
Estado del  movimiento del capital contable pro-forma
Estado de origen y aplicaci&#xF3;n de recursos pro-forma
Estado de origen y aplicaci&#xF3;n de fondos pro-forma
Cash flow pro-forma
Estado de origen y aplicaci&#xF3;n de utilidades pro-forma
Diagrama del sistema financiero mexicano
Mercado de valores
Financiamiento
Cuestionario financiero
Mercado financiero
Mercado de dinero
Mercado de capitales
Oferta y demanda de dinero
Devaluaci&#xF3;n de la moneda
Tasa de inflaci&#xF3;n anticipada
Tabla del valor actual por inflaci&#xF3;n 
Tabla del valor futuro por inflaci&#xF3;n
Aplicaci&#xF3;n de la tabla del valor presente de $1.00
Aplicaci&#xF3;n de la tabla del valor presente de $1.00 recibido cada a&#xF1;o
Costo de capital ponderado
Razones de an&#xE1;lisis financiero
Estado de cambios en la situaci&#xF3;n financiera pro-forma
Herramientas de planeaci&#xF3;n financiera
M&#xE9;todo y modelo riesgo estructural
M&#xE9;todo y modelo del valor econ&#xF3;mico  agregado
M&#xE9;todo y modelo de rentabilidad de recursos netos invertidos
M&#xE9;todo gr&#xE1;fico de perfil fundamental</subfield>
  </datafield>
  <datafield tag="519" ind1=" " ind2=" ">
    <subfield code="a">Material complementario /</subfield>
    <subfield code="d">( 05 000415)</subfield>
  </datafield>
  <datafield tag="650" ind1=" " ind2="0">
    <subfield code="a">EMPRESAS</subfield>
    <subfield code="x">FINANZAS</subfield>
  </datafield>
  <datafield tag="942" ind1=" " ind2=" ">
    <subfield code="c">LB</subfield>
  </datafield>
  <datafield tag="952" ind1=" " ind2=" ">
    <subfield code="0">0</subfield>
    <subfield code="1">0</subfield>
    <subfield code="2">lcc</subfield>
    <subfield code="4">0</subfield>
    <subfield code="7">0</subfield>
    <subfield code="a">04</subfield>
    <subfield code="b">04</subfield>
    <subfield code="d">2008-11-19</subfield>
    <subfield code="l">0</subfield>
    <subfield code="o">HG173 P47 2002</subfield>
    <subfield code="p">05 000415</subfield>
    <subfield code="r">2023-02-04</subfield>
    <subfield code="t">1</subfield>
    <subfield code="w">2012-06-24</subfield>
    <subfield code="y">LB</subfield>
  </datafield>
  <datafield tag="952" ind1=" " ind2=" ">
    <subfield code="0">0</subfield>
    <subfield code="1">0</subfield>
    <subfield code="2">lcc</subfield>
    <subfield code="4">0</subfield>
    <subfield code="7">0</subfield>
    <subfield code="a">04</subfield>
    <subfield code="b">04</subfield>
    <subfield code="d">2008-11-19</subfield>
    <subfield code="l">0</subfield>
    <subfield code="o">HG173 P47 2002</subfield>
    <subfield code="p">05 000416</subfield>
    <subfield code="r">2023-02-04</subfield>
    <subfield code="t">2</subfield>
    <subfield code="w">2012-06-24</subfield>
    <subfield code="y">LB</subfield>
  </datafield>
  <datafield tag="999" ind1=" " ind2=" ">
    <subfield code="c">63192</subfield>
    <subfield code="d">63192</subfield>
  </datafield>
</record>
